[Event "XXVII RUS-chT Women 2020"]
[Site "Sochi"]
[Date "2020.11.28"]
[Round "9.10"]
[White "Vifleemskaia, Svetlana"]
[Black "Belenkaya, Dina"]
[Result "1/2-1/2"]
[WhiteElo "1911"]
[BlackElo "2283"]
[Annotator "TA"]
[PlyCount "97"]
[EventDate "2020.11.19"]
[EventType "team-tourn"]
[EventCountry "RUS"]
[SourceTitle "playchess.com"]
[Source "ChessBase"]
[SourceQuality "1"]

{[%evp 13,97,30,35,41,32,34,33,14,37,32,35,37,44,0,2,0,0,1,14,12,7,13,32,25,24,36,30,4,71,71,71,73,72,72,119,72,72,72,70,66,76,75,68,50,46,48,65,54,56,0,152,147,144,68,68,66,299,304,266,254,149,76,76,76,137,135,150,141,151,134,157,144,185,184,189,0,0,0,189,0,0,0,172,0,0,0]} 1. d4 d5 2. c4 dxc4 3. Nf3 Nf6 4. e3 e6 5. Bxc4 a6 6. O-O b5 7. Bd3 Bb7 8. Qe2 {D26: Queen's Gambit Accepted: 4 e3 e6 5 Bxc5 c5 sidelines.} Nbd7 9. a4 b4 10. Nbd2 {White is slightly better.} c5 11. Nc4 Qc7 12. Rd1 Be7 13. Nfe5 O-O 14. a5 Rfd8 15. Bd2 {[#]} Bd5 $146 ({Predecessor:} 15... cxd4 16. exd4 Nxe5 17. dxe5 Qc6 18. f3 Ng4 19. Be1 Bc5+ 20. Kh1 Nh6 21. Rac1 Qe8 {1-0 (36) Ushenina,A (2410)-Karpatchev,A (2533) Izmir 2006}) 16. Rdc1 Qb7 17. f3 h6 18. Be1 Rdc8 19. Bh4 {Strongly threatening Nxd7.} Bxc4 20. Nxc4 {Black must now prevent Bxf6.} Qa7 (20... cxd4 $11 21. Bxf6 (21. exd4 Qa7 $14) 21... Bxf6) 21. Bxf6 Bxf6 22. Be4 $1 {[%cal Re4a8]} Rab8 23. d5 $1 Rd8 24. f4 exd5 25. Bxd5 Nf8 {[%cal Bd7f8,Bf8e6,Be6c7][%mdl 32]} 26. Rd1 Qe7 27. Qf3 Ne6 28. Kf2 Nc7 29. Bc6 Qe6 30. Qe4 $1 Qg4 31. Qf3 (31. Ba4 $14) 31... Qh4+ $2 (31... Qe6 $11 32. Qe4 Qg4) 32. Kg1 $16 g6 33. Rxd8+ (33. Rd7 $16 Nb5 34. Rad1) 33... Rxd8 $14 34. Rd1 g5 $2 ({Black should play} 34... Bh8 $14) 35. Rxd8+ $18 Bxd8 36. g3 Qh3 {[#]} 37. Qg2 ({White should try} 37. f5 $1) 37... Qe6 38. Qe4 Bf6 {[#]} (38... Qf6 $142) 39. Qxe6 $1 $16 fxe6 {[%mdl 4096] Endgame KBN-KBN} 40. Kf2 Kf8 41. Kf3 Ke7 42. Ke4 g4 43. f5 h5 44. Kf4 Nd5+ $1 45. Ke4 Nc7 46. Kf4 Nd5+ $1 47. Ke4 Nc7 48. Kf4 $2 (48. Bb7 $18) 48... Nd5+ $1 $11 49. Ke4 {White really could win this.  Weighted Error Value: White=0.21/Black=0.25} 1/2-1/2

[Event "XXVII RUS-chT Women 2020"]
[Site "Sochi"]
[Date "2020.11.28"]
[Round "9.11"]
[White "Styazhkina, Anna"]
[Black "Zavivaeva, Emilia"]
[Result "0-1"]
[WhiteElo "2319"]
[BlackElo "1790"]
[Annotator "TA"]
[PlyCount "58"]
[EventDate "2020.11.19"]
[EventType "team-tourn"]
[EventCountry "RUS"]
[SourceTitle "playchess.com"]
[Source "ChessBase"]
[SourceQuality "1"]

{[%evp 15,58,13,15,11,17,10,21,24,24,13,16,0,14,9,22,18,27,6,69,54,85,75,76,78,250,233,225,206,322,75,75,-80,-86,-360,-365,-408,-401,-414,-414,-445,-441,-434,-441,-1233,-1223]} 1. e4 c5 2. Nf3 Nc6 3. Bb5 g6 4. Bxc6 dxc6 5. d3 Bg7 6. h3 e5 7. Nc3 Qd6 {7...Ne7 is becoming the main line.} 8. Be3 Nf6 9. Qd2 {B31: Sicilian: 2...Nc6 3 Bb5 g6.} O-O 10. Bh6 Re8 11. Bxg7 {The position is equal.} Kxg7 12. O-O b6 13. Rad1 Nh5 14. Ne2 {[#]} Ba6 $146 ({Predecessor:} 14... Qf6 15. Qe3 Nf4 16. Nxf4 exf4 17. Qc1 g5 18. Rfe1 g4 19. e5 Qh6 20. hxg4 Bxg4 21. Re4 Bxf3 22. gxf3 Qg5+ {½-½ (22) Thompson,B (2261)-Bonfissuto,G (2293) ICCF email 2013}) 15. b3 Rad8 16. Nh2 Nf6 ({Black should try} 16... f6 $11) 17. Ng3 $14 Bc8 18. f4 exf4 19. Rxf4 h5 $2 {[#]} (19... Ng8 $16 {was worth a try.}) 20. Rdf1 $1 $18 Re6 21. Nf3 {Strongly threatening e5.} Nd7 (21... Nh7 $142 22. e5 Qd5) 22. Ng5 $2 (22. Nh4 $18 {has better winning chances.} Kg8 23. Rxf7) 22... Rf6 $16 23. e5 $2 (23. Rxf6 $16 {keeps the pressure on.} Nxf6 24. Qe1) 23... Qxe5 $17 24. Nxf7 $2 {[%mdl 8192]} (24. Qc1 $17 {was necessary.}) 24... Kxf7 $19 25. Ne4 Rxf4 26. Rxf4+ Kg7 27. Ng5 Nf6 {Black is clearly winning.} ({Less strong is} 27... Qxg5 {[#]} 28. Rf7+ $1 {[%mdl 512]} Kxf7 29. Qxg5 $17) 28. Nf3 Qe7 29. Qc3 (29. Qf2 $142) 29... Qe3+ {[%mdl 64] Double Attack.  Weighted Error Value: White=0.74/Black=0.22} 0-1

[Event "XXVII RUS-chT Women 2020"]
[Site "Sochi"]
[Date "2020.11.28"]
[Round "9.12"]
[White "Zavivaeva, Evelina"]
[Black "Chernyak, Viktoria"]
[Result "0-1"]
[WhiteElo "1589"]
[BlackElo "2325"]
[Annotator "TA"]
[PlyCount "60"]
[EventDate "2020.11.19"]
[EventType "team-tourn"]
[EventCountry "RUS"]
[SourceTitle "playchess.com"]
[Source "ChessBase"]
[SourceQuality "1"]

{[%evp 12,60,-6,-9,-10,-28,-24,-25,-30,-37,-34,-86,-66,-115,-110,-101,-80,-94,-68,-126,-129,-134,-129,-125,-123,-116,-122,-132,-78,-104,-98,-314,-182,-181,-187,-316,-313,-1125,-1120,-1170,-1130,-1839,-1743,-5009,-2992,-29988,-29989,-29989,-29990,-29997,-29998]} 1. e4 c6 2. d4 d5 3. exd5 cxd5 4. Bd3 Nc6 5. c3 Qc7 6. Nf3 Bg4 7. O-O e6 {B13: Caro-Kann: Exchange Variation and Panov-Botvinnik Attack.} 8. b4 Nf6 9. Nbd2 Bd6 {[#] Black has an edge.} 10. h3 $146 ({Predecessor:} 10. Qb3 O-O 11. Ba3 Ne7 12. b5 Bf5 13. Bxd6 Qxd6 14. c4 dxc4 15. Bxc4 Rfd8 16. Rfd1 {1-0 (30) Przytula,G (1936)-Bus,K (2152) Dobczyce 2014}) 10... Bh5 11. Nb3 (11. a4 $15) 11... O-O 12. Nc5 Ne7 13. Bd2 Rac8 14. Rc1 b6 15. Na6 (15. Nb3 $1 $15) 15... Qb7 $17 16. b5 Ne4 17. Be2 Ba3 18. Rc2 Nd6 19. Ne5 {[#]} Nxb5 $1 {[%mdl 512]} 20. Bxh5 {Hoping for Be2.} (20. Bxb5 Bxd1) 20... Qxa6 21. Qg4 $2 {This move loses the game for White.} (21. Be2 $17 {might work better.} Qa4 22. Bd3) 21... Ng6 (21... Qa4 $142 22. Qd1 (22. Bh6 $2 Nf5 $19) 22... g6) 22. Bxg6 $19 hxg6 23. Re1 (23. Rb1 $142) 23... Qa4 24. Nxf7 $2 (24. Qd1) 24... Qxc2 {[%mdl 64] [#] Double Attack} 25. Qxe6 Rce8 26. Nh6+ Kh7 27. Qg4 Qxd2 {[%mdl 64] Double Attack} 28. Rxe8 Qxf2+ {Black mates.} 29. Kh2 Rxe8 30. Qd7 Qf4+ {[%mdl 64] Double Attack.  Weighted Error Value: White=0.91/Black=0.29} 0-1

[Event "XXVII RUS-chT Women 2020"]
[Site "Sochi"]
[Date "2020.11.28"]
[Round "9.13"]
[White "Elnikova, Milena"]
[Black "Gritsayeva, Oksana"]
[Result "0-1"]
[WhiteElo "1435"]
[BlackElo "2351"]
[Annotator "TA"]
[PlyCount "80"]
[EventDate "2020.11.19"]
[EventType "team-tourn"]
[EventCountry "RUS"]
[SourceTitle "playchess.com"]
[Source "ChessBase"]
[SourceQuality "1"]

{[%evp 9,80,-64,-74,-181,-181,-231,-222,-318,-310,-319,-324,-362,-333,-350,-356,-381,-389,-390,-338,-336,-350,-343,-304,-366,-322,-332,-331,-319,-311,-311,-320,-398,-381,-407,-416,-402,-411,-491,-489,-489,-460,-483,-476,-489,-486,-500,-489,-520,-526,-548,-518,-614,-568,-655,-676,-705,-688,-720,-657,-773,-777,-731,-722,-887,-877,-994,-1023,-1010,-954,-1017,-1012,-974,-953]} 1. d4 Nf6 2. Bf4 c5 3. e3 Qb6 4. c3 Qxb2 5. Nd2 Nc6 {[#]} 6. a3 $146 {A45: Trompowsky Attack.} (6. Rc1 $17 d5 7. Ngf3) ({Predecessor:} 6. Ngf3 e6 7. Qc1 Qxc1+ 8. Rxc1 Nh5 9. Bg3 Nxg3 10. hxg3 Be7 11. Bd3 h6 12. Rh5 {0-1 (48) Burzic,S-Buljubasic,S (2345) Tuzla 2015}) 6... Qxc3 $19 7. Ne2 Qa5 8. Nc1 (8. g3 $142) 8... cxd4 9. Ncb3 Qf5 10. Nc4 dxe3 11. Bxe3 d5 12. Nb2 e5 13. Bd3 Qg4 14. O-O Qxd1 15. Rfxd1 Be7 16. f3 O-O 17. Re1 Be6 {[#] White must now prevent ...d4.} 18. Bc5 Nd7 19. Bxe7 Nxe7 20. Rac1 Rac8 21. Na4 Rxc1 22. Rxc1 Rc8 23. Nac5 Nxc5 {Black is clearly winning.} 24. Rxc5 b6 25. Rxc8+ Nxc8 {[%mdl 4096] Endgame KBN-KBN} 26. Kf2 Nd6 27. a4 a5 28. Nd2 Kf8 29. Ke2 Ke7 30. Kd1 h5 31. Kc2 Bd7 32. Kb3 Nb7 33. Ka3 h4 34. g3 Nc5 35. Bc2 h3 36. Bd1 f5 37. f4 exf4 38. gxf4 Ne6 39. Nf3 Nxf4 40. Nd4 g5 {White did not feel at home in the position after the opening.  Weighted Error Value: White=0.38/Black=0.08} 0-1

[Event "XXVII RUS-chT Women 2020"]
[Site "Sochi"]
[Date "2020.11.28"]
[Round "9.14"]
[White "Tomilova, Elena"]
[Black "Gubernatorova, Lyudmila"]
[Result "1-0"]
[WhiteElo "2358"]
[BlackElo "2200"]
[Annotator "TA"]
[PlyCount "119"]
[EventDate "2020.11.19"]
[EventType "team-tourn"]
[EventCountry "RUS"]
[SourceTitle "playchess.com"]
[Source "ChessBase"]
[SourceQuality "1"]

{[%evp 23,119,50,58,45,50,39,78,57,35,29,32,25,48,40,54,38,54,50,54,27,49,22,63,37,63,53,58,53,77,38,48,27,27,29,31,30,68,20,25,29,48,31,118,96,115,99,105,106,129,127,110,64,114,100,151,146,145,81,201,192,200,195,202,185,220,223,288,283,291,283,306,302,352,351,374,369,369,369,441,440,517,508,544,487,496,459,489,463,469,353,468,466,537,531,722,721,1121,914]} 1. Nf3 Nf6 2. c4 c5 3. g3 g6 4. Bg2 Bg7 5. Nc3 O-O 6. O-O Nc6 7. d4 cxd4 8. Nxd4 Nxd4 9. Qxd4 d6 10. Qd3 Bf5 11. e4 Be6 12. b3 Nd7 13. Be3 {A39: Symmetrical English vs ...g6: 4 Bg2 Bg7 5 Nf3 Nf6 6 0-0 0-0 7 d4.} Qa5 14. Rac1 a6 15. Bd2 {White is better.} Qh5 {[#]} 16. Qe2 $146 (16. Qe3 {with more complications.} Ne5 17. h4 Rac8 18. Nd5 Bxd5 19. cxd5 f5 20. f4) ({Predecessor:} 16. f4 b5 17. Nd5 Nc5 18. Qe3 Bxd5 19. exd5 Qf5 20. b4 Qd3 21. Qe1 Na4 22. Rf3 Qf5 23. cxb5 axb5 24. Qxe7 Nb6 {½-½ (24) Tregubov,P (2636)-Andreikin,D (2418) St Petersburg 2004}) 16... Qxe2 17. Nxe2 Nc5 18. Nf4 a5 19. Rfd1 Bg4 20. f3 Be6 21. Be3 Rfd8 22. Rc2 Rac8 23. Bf1 Kf8 24. g4 Bd7 25. Nd5 Be8 26. Rcd2 e6 27. Nb6 Rc6 28. Bg5 f6 29. Be3 $36 {[%mdl 2048] Threatens to win with Rxd6! Black is under pressure.} Ke7 30. Na4 Nxa4 31. bxa4 Rdc8 32. Rb1 f5 ({Better is} 32... R6c7 $14) 33. exf5 gxf5 34. gxf5 exf5 35. Rxb7+ R6c7 36. Bg5+ Kf7 37. Rb6 Bxa4 38. Rbxd6 Re8 (38... Be5 $142) 39. R2d5 Re5 40. Bd3 (40. Kf2 $142) 40... Rc5 (40... Bc6 $16 {might work better.}) 41. Rxc5 $18 Rxc5 42. Be3 Rc7 43. Rd5 Bc3 44. Rxf5+ Kg7 45. Rh5 Kg8 46. c5 Be8 47. Rg5+ Kf8 48. Bf4 Rb7 49. Bd6+ Kf7 50. Rf5+ Ke6 51. Rf8 Rg7+ 52. Kf1 Bh5 53. Bc4+ Kd7 54. Bb5+ Ke6 55. a4 Bd4 56. Bc4+ Kd7 57. Bg3 {White is clearly winning.} Bg6 58. Bb5+ Ke6 59. c6 Bb6 60. Rb8 {Weighted Error Value: White=0.09/Black=0.28} 1-0

[Event "XXVII RUS-chT Women 2020"]
[Site "Sochi"]
[Date "2020.11.28"]
[Round "9.15"]
[White "Dorokhina, Elizaveta"]
[Black "Potapova, Margarita"]
[Result "0-1"]
[WhiteElo "1824"]
[BlackElo "2266"]
[Annotator "TA"]
[PlyCount "68"]
[EventDate "2020.11.19"]
[EventType "team-tourn"]
[EventCountry "RUS"]
[SourceTitle "playchess.com"]
[Source "ChessBase"]
[SourceQuality "1"]

{[%evp 11,68,0,0,-41,-26,-16,-18,-15,0,0,0,0,0,0,0,0,0,-218,-213,-214,-211,-360,-336,-368,-366,-420,-397,-531,-487,-458,-318,-333,-294,-271,-270,-290,-273,-302,-306,-318,-326,-324,-317,-387,-387,-364,-385,-377,-374,-387,-380,-411,-406,-438,-437,-437,-430,-410,-395]} 1. e4 c5 2. Nf3 d6 3. d4 cxd4 4. Qxd4 Nc6 5. Bb5 Bd7 6. Bxc6 Bxc6 7. Bg5 {B53: Sicilian: 2...d6: Lines with Qxd4.} h6 8. Bh4 e5 {[#] aiming for ...Qxh4.} 9. Qd3 {The position is equal.} g5 10. Bg3 {[#]} Qb6 $146 ({Predecessor:} 10... Nf6 11. Nc3 Be7 12. Nd2 Qb6 13. O-O-O Rc8 14. Nc4 Qc5 15. Nxd6+ Bxd6 16. Qxd6 Nxe4 17. Qxc5 Nxc5 18. Bxe5 Rg8 19. f3 {0-1 (40) Ronce,N (2178)-Donchenko,A (2580) Vandoeuvre 2018}) 11. Nc3 Qxb2 12. Rb1 Qa3 13. O-O Nf6 14. Nxe5 $2 (14. Nd2 $11) 14... dxe5 $19 15. Bxe5 Qe7 16. Bxf6 (16. Bg3 {keeps fighting.} Qd7 17. Nb5 Bxb5 18. Rxb5) 16... Qxf6 17. Nd5 Qe5 18. f4 gxf4 19. Rxf4 {[#] Threatens to win with Nf6+.} Bc5+ 20. Kf1 Bxd5 21. Rf5 Qd4 ({Weaker is} 21... Qxe4 22. Re1 $16) 22. Qxd4 Bxd4 23. exd5 b6 24. Re1+ Kf8 25. Re4 Bc5 26. Ref4 Rh7 27. g3 Re8 28. Rf6 Re5 29. c4 Ke7 30. Rc6 Kd7 31. a4 a5 32. Rg4 h5 33. Rg8 Re8 34. Rxe8 Kxe8 {Black took control after the opening.  Weighted Error Value: White=0.38/Black=0.08} 0-1

[Event "XXVII RUS-chT Women 2020"]
[Site "Sochi"]
[Date "2020.11.28"]
[Round "9.16"]
[White "Illina, Natalia"]
[Black "Tinina, Kristina"]
[Result "1-0"]
[WhiteElo "2072"]
[BlackElo "1678"]
[Annotator "TA"]
[PlyCount "63"]
[EventDate "2020.11.19"]
[EventType "team-tourn"]
[EventCountry "RUS"]
[SourceTitle "playchess.com"]
[Source "ChessBase"]
[SourceQuality "1"]

{[%evp 12,63,13,0,3,0,48,30,52,47,57,55,78,85,89,88,114,108,137,122,134,139,154,107,111,102,148,151,147,152,143,151,163,152,187,178,170,195,199,199,199,199,197,203,231,161,217,230,219,212,208,202,623,616]} 1. e4 c5 2. Nf3 d6 3. d4 cxd4 4. Nxd4 Nf6 5. f3 Nc6 6. c4 e6 7. Nc3 Be7 {B55: Sicilian: 2...d6 3 d4 cxd4 4 Nxd4 Nf6 5 f3.} 8. Be3 a6 9. Qd2 Qc7 {White has an edge.} 10. Rc1 O-O 11. Nd5 Qd8 12. Nxe7+ {[#]} Qxe7 $146 ({Predecessor:} 12... Nxe7 13. Bg5 Ng6 14. h4 h6 15. h5 Ne5 16. Bh4 Nc6 17. g4 Nxd4 18. Qxd4 Qa5+ {½-½ (52) Skovran,J-Klimes,M Presov 2004}) 13. Be2 Rb8 14. O-O e5 {[#]} 15. Nc2 $1 Be6 16. Rfd1 Ne8 17. Bb6 Rc8 18. Ne3 Nb8 19. c5 dxc5 20. Bd8 Qd7 {[#]} 21. Qxd7 $1 Nxd7 22. Be7 Nef6 {intending ...Rfe8.} 23. Bxf8 Kxf8 24. Bc4 Bxc4 25. Nxc4 b5 26. Ne3 Rc6 27. g4 {g5 is the strong threat.} Nb6 28. Nf5 Ne8 (28... Nfd7 $142 29. Rd6 Rxd6 30. Nxd6 Ke7) 29. Rd8 $18 g6 30. Ne3 Ke7 31. Rb8 {And now Rxb6! would win.} c4 $2 {[#]} (31... Nc7 32. Rd1 Na4) 32. Rxb6 $1 {[%mdl 576] Remove Defender.  Weighted Error Value: White=0.06/Black=0.32} 1-0

[Event "XXVII RUS-chT Women 2020"]
[Site "Sochi"]
[Date "2020.11.28"]
[Round "9.17"]
[White "Protopopova, Anastasiya"]
[Black "Zherebtsova, Alexandra"]
[Result "1-0"]
[WhiteElo "2267"]
[BlackElo "2204"]
[Annotator "TA"]
[PlyCount "113"]
[EventDate "2020.11.19"]
[EventType "team-tourn"]
[EventCountry "RUS"]
[SourceTitle "playchess.com"]
[Source "ChessBase"]
[SourceQuality "1"]

{[%evp 12,113,32,24,44,32,35,0,0,-5,-7,-9,-3,-20,16,11,12,0,0,0,0,0,0,0,0,0,1,0,0,0,0,0,0,0,0,0,0,-54,-3,-4,0,0,0,0,0,0,0,0,0,0,0,0,0,0,0,0,0,0,0,0,8,8,8,8,162,162,162,8,44,8,8,8,162,8,12,19,27,27,60,8,156,156,156,156,156,156,156,156,156,156,156,156,29965,29947,12183,6973,29975,29976,29979,29980,29980,29981,29979,29969]} 1. d4 d5 2. c4 e6 3. Nf3 Nf6 4. g3 g6 5. Bg2 Bg7 6. O-O O-O 7. Qc2 Nc6 {D77: Fianchetto Grünfeld: 6 0-0: Replies other than 6...c6.} 8. Rd1 Qe7 {[#]} 9. Nbd2 $146 ({Predecessor:} 9. Bf4 Rd8 10. Na3 h6 11. Ne5 Nb4 12. Qc1 Kh7 13. Nb5 Na6 14. Qc2 Bd7 15. Rac1 {1-0 (33) Ding,L (2749)-Wang,C (2521) Danzhou 2015}) 9... Rd8 {The position is equal.} 10. a3 e5 11. dxe5 Nxe5 12. cxd5 Nxf3+ (12... Nxd5 $2 13. Nxe5 Qxe5 14. Nc4 $18) 13. Bxf3 Nxd5 14. Nc4 Be6 15. h4 Qc5 16. Bg5 f6 17. b4 Nxb4 18. axb4 Qxc4 19. Qxc4 Bxc4 20. Bf4 Rxd1+ 21. Rxd1 c6 22. Rd7 Ba6 23. Bd2 f5 24. g4 (24. e4 $11) 24... Bf6 (24... fxg4 $1 $15 25. Bxg4 Re8) 25. gxf5 $11 gxf5 26. Bg5 Bxg5 27. hxg5 {[%mdl 4096] Endgame KRB-KRB} Rf8 28. e4 Rf7 29. Rxf7 Kxf7 30. exf5 {KB-KB} Bd3 31. Bh5+ Kf8 32. f6 b6 {Threatens to win with ...c5.} 33. f4 a5 34. bxa5 bxa5 35. Bd1 $1 h6 36. Kf2 {White wants to play Ke3.} hxg5 37. fxg5 {And now Ke3 would win.} Bg6 $2 (37... Bf5 $11 {and Black stays safe.}) 38. Ke3 $18 c5 39. Bb3 $2 (39. Kd2 $1 $18) 39... Ke8 40. Kd2 Kd7 $1 41. Kc3 Bf5 $2 (41... Kd6 $11 {and Black is okay.}) 42. Ba4+ $2 (42. Bf7 $1 $18) 42... Ke6 $11 43. Be8 {Black must now prevent Kc4.} Bh7 44. Kc4 Bg8 45. Bg6 ({Better is} 45. Kxc5 $14 Kf5 46. Kd6) 45... a4 (45... Ke5+ $1 $11 46. f7 (46. Kxc5 Kf4 $11) 46... Bxf7+ 47. Bxf7 a4) 46. Kc3 $1 $16 (46. Kxc5 a3 $11) 46... Bf7 47. Bc2 Ke5 {intending ...a3.} 48. Kb2 $1 (48. Bxa4 Kf5 $11) 48... Be8 {[#]} 49. Bxa4 $1 {[%mdl 512]} Bf7 {[#]} ({Avoid the trap} 49... Bxa4 $2 50. f7 $18) 50. Bc2 $1 c4 51. Kc3 Bg8 $2 {[#]} (51... Kd5 $16 52. Bf5 (52. g6 Ke6 $11) 52... Ke5) 52. Kb4 $1 {[%cal Rb4c5]} ({Stronger than} 52. Bg6 Kf4 $11) 52... Bf7 53. Kc5 Be6 54. Kc6 {White mates.} Bd5+ 55. Kd7 c3 56. Ke7 Be4 57. f7 {Weighted Error Value: White=0.13/Black=0.39} 1-0

[Event "XXVII RUS-chT Women 2020"]
[Site "Sochi"]
[Date "2020.11.28"]
[Round "9.18"]
[White "Doroshenko, Diana"]
[Black "Sudakova, Irina"]
[Result "0-1"]
[WhiteElo "2204"]
[BlackElo "2288"]
[Annotator "TA"]
[PlyCount "90"]
[EventDate "2020.11.19"]
[EventType "team-tourn"]
[EventCountry "RUS"]
[SourceTitle "playchess.com"]
[Source "ChessBase"]
[SourceQuality "1"]

{[%evp 19,90,50,52,18,48,48,37,37,40,38,46,35,41,38,68,24,53,50,121,127,111,86,97,105,118,106,128,106,99,0,8,-35,-20,-79,-75,-78,-79,-75,-61,-61,-26,-154,-154,-152,-146,-146,-158,-223,-222,-250,-259,-220,-192,-346,-323,-511,-505,-481,-431,-725,-316,-670,-619,-1168,-1115,-1113,-1421,-1319,-1341,-1364,-1247,-5165,-4783]} 1. e4 c5 2. Nf3 d6 3. Bb5+ Bd7 4. Bxd7+ Qxd7 5. c4 Nc6 6. d4 cxd4 7. Nxd4 Nf6 8. Nc3 Qg4 9. Qxg4 Nxg4 10. Nxc6 bxc6 11. Bf4 {B52: Sicilian: Moscow Variation with 3...Bd7.} g5 12. Bxg5 Ne5 13. b3 {White is slightly better.} Rg8 $1 {[%cal Rg8g5]} 14. Bh4 Bg7 {White must now prevent ...Ng6.} 15. Kd2 h5 16. Bg3 $36 {[%mdl 2048] White fights for an advantage.} Ng6 {Hoping for ...h4.} 17. h4 {[#]} Bh6+ $146 ({Predecessor:} 17... Bd4 18. Rad1 e5 19. Kc2 Ne7 20. Rhe1 f6 21. Rd3 Kf7 {½-½ (21) Dutreeuw,M (2375)-Roeder,M (2415) Belgium 2005}) 18. Kc2 e5 (18... Nf8 $14) 19. Rad1 $16 Ke7 20. Ne2 Ke6 21. Rd3 Rad8 22. Rhd1 f6 23. Nc3 $1 Ne7 24. b4 (24. Na4 $16) 24... f5 $11 25. Rg1 Rg4 26. f4 (26. exf5+ $1 $11 Nxf5 27. Re1 Nxg3 28. Rxg3) 26... Bxf4 $17 27. Bxf4 Rxf4 28. g3 Rg4 ({Of course not} 28... fxe4 29. gxf4 exd3+ 30. Kxd3 $11) 29. Re1 d5 (29... f4 {keeps more tension.} 30. gxf4 Rxf4 31. Red1 Rxh4 32. Kb3 Rf4) 30. cxd5+ {Black continues to play with concentration.} (30. exd5+ $11 cxd5 31. Rde3) 30... cxd5 31. exd5+ Nxd5 32. Nxd5 Rxd5 $11 {[%mdl 4096] Endgame KRR-KRR} 33. Rb3 {[#]} (33. Rxd5 $17 Kxd5 34. Re3) 33... Rc4+ $1 $19 34. Kb2 Rd2+ 35. Kb1 Rdd4 36. a3 $2 (36. b5 {keeps fighting.}) 36... e4 37. Re2 (37. b5 $142 Rc5 38. Rc1) 37... Rd1+ 38. Kb2 Ke5 39. Rf3 {[#]} (39. Rc2 $142 Rxc2+ 40. Kxc2) 39... Rcd4 (39... Rd2+ $142 $1 {[%mdl 512]} 40. Rxd2 exf3) 40. Kc2 $2 (40. Rff2) 40... R1d3 {Black is clearly winning.} 41. Ree3 {[%cal Re3d3]} Rc4+ 42. Kb2 Rxe3 43. Rxe3 Kd4 44. Re1 e3 45. Rf1 e2 {Weighted Error Value: White=0.85/Black=0.20} 0-1

[Event "XXVII RUS-chT Women 2020"]
[Site "Sochi"]
[Date "2020.11.28"]
[Round "9.19"]
[White "Smirnova, Ekaterina"]
[Black "Khokhlova, Daria"]
[Result "1/2-1/2"]
[WhiteElo "2239"]
[BlackElo "2196"]
[Annotator "TA"]
[PlyCount "52"]
[EventDate "2020.11.19"]
[EventType "team-tourn"]
[EventCountry "RUS"]
[SourceTitle "playchess.com"]
[Source "ChessBase"]
[SourceQuality "1"]

{[%evp 12,52,29,22,21,26,24,18,26,19,21,17,25,15,39,23,29,-18,0,0,0,0,0,0,0,1,0,0,0,0,0,0,0,0,0,0,0,0,0,0,0,0,0]} 1. d4 d5 2. c4 dxc4 3. e3 Nf6 4. Bxc4 e6 5. Nf3 a6 6. O-O b5 7. Be2 Bb7 {D26: Queen's Gambit Accepted: 4 e3 e6 5 Bxc5 c5 sidelines.} 8. a4 b4 9. Nbd2 Nbd7 10. a5 Be7 11. Nc4 O-O 12. b3 Ne4 {[#]} 13. Qc2 $146 ({Predecessor:} 13. Bb2 Rc8 14. Qc2 c5 15. Rfd1 Qc7 16. Bd3 Nef6 17. e4 h6 18. Qe2 Rfd8 19. Rac1 {0-1 (39) Verhoeven,T (2184)-Meurs,T (2210) Netherlands 2010}) 13... Nc3 14. Bd3 Bxf3 {The position is equal.} 15. gxf3 ({Don't go for} 15. Bxh7+ $2 Kh8 $17) 15... g6 16. Bb2 c5 17. Bxc3 bxc3 18. dxc5 Nxc5 19. Rad1 {[#] Black must now prevent Be4.} Qd5 20. f4 Nxd3 21. Rxd3 Qh5 22. Qxc3 Qg4+ 23. Kh1 Qf3+ 24. Kg1 Qg4+ 25. Kh1 Qf3+ 26. Kg1 Qg4+ {Not much happened in this game.  Weighted Error Value: White=0.06/Black=0.03} 1/2-1/2